[Event "Turniej Blitza na II Lidze Juniorów 2018"]
[Site "Szczyrk, Poland"]
[Date "????.??.??"]
[Round "6.42"]
[White "Pieczewski, Szymon"]
[Black "Mirowska, Oliwia"]
[Result "0-1"]
[TimeControl "3'+2\""]
[WhiteElo "1539"]
[BlackElo "1297"]

1. e4 {[%clk 00:03:03]} {[%emt 00:00:01]} d6 {[%clk 00:03:03]} {[%emt
00:00:01]} 2. d4 {[%clk 00:02:59]} {[%emt 00:00:06]} Nf6 {[%clk 00:03:04]}
{[%emt 00:00:02]} 3. Nc3 {[%clk 00:02:57]} {[%emt 00:00:03]} Nbd7 {[%clk
00:03:05]} 4. Nf3 {[%clk 00:02:52]} {[%emt 00:00:09]} e5 {[%clk 00:03:04]}
{[%emt 00:00:03]} 5. dxe5 {[%clk 00:02:50]} {[%emt 00:00:04]} dxe5 {[%clk
00:03:04]} {[%emt 00:00:01]} 6. Bc4 {[%clk 00:02:44]} {[%emt 00:00:07]} Bb4
{[%clk 00:03:02]} {[%emt 00:00:04]} 7. Qe2 {[%clk 00:02:37]} {[%emt 00:00:09]}
Bxc3+ {[%clk 00:02:59]} {[%emt 00:00:06]} 8. bxc3 {[%clk 00:02:38]} {[%emt
00:00:01]} a6 {[%clk 00:02:59]} {[%emt 00:00:02]} 9. a4 {[%clk 00:02:37]}
{[%emt 00:00:03]} O-O {[%clk 00:02:59]} {[%emt 00:00:02]} 10. O-O {[%clk
00:02:34]} {[%emt 00:00:05]} Nb6 {[%clk 00:02:54]} {[%emt 00:00:06]} 11. Bb3
{[%clk 00:02:35]} {[%emt 00:00:02]} Bd7 {[%clk 00:02:53]} {[%emt 00:00:04]} 12.
Bg5 {[%clk 00:02:33]} {[%emt 00:00:04]} h6 {[%clk 00:02:53]} {[%emt 00:00:02]}
13. Bh4 {[%clk 00:02:34]} {[%emt 00:00:01]} g5 {[%clk 00:02:49]} {[%emt
00:00:05]} 14. Bg3 {[%clk 00:02:34]} {[%emt 00:00:02]} Bc6 {[%clk 00:02:42]}
{[%emt 00:00:08]} 15. Bxe5 {[%clk 00:02:22]} {[%emt 00:00:15]} Nxe4 {[%clk
00:02:40]} {[%emt 00:00:04]} 16. a5 {[%clk 00:01:48]} {[%emt 00:00:36]} Nd7
{[%clk 00:02:38]} {[%emt 00:00:03]} 17. Rad1 {[%clk 00:01:45]} {[%emt
00:00:06]} Qc8 {[%clk 00:02:30]} {[%emt 00:00:09]} 18. Bd4 {[%clk 00:01:43]}
{[%emt 00:00:05]} Qe8 {[%clk 00:02:22]} {[%emt 00:00:10]} 19. Rfe1 {[%clk
00:01:41]} {[%emt 00:00:05]} Qc8 {[%clk 00:01:50]} {[%emt 00:00:33]} 20. Ne5
{[%clk 00:01:29]} {[%emt 00:00:14]} Nxe5 {[%clk 00:01:50]} {[%emt 00:00:02]} 21.
Bxe5 {[%clk 00:01:29]} {[%emt 00:00:01]} Nc5 {[%clk 00:01:35]} {[%emt
00:00:18]} 22. Qh5 {[%clk 00:01:25]} {[%emt 00:00:07]} Kh7 {[%clk 00:01:18]}
{[%emt 00:00:19]} 23. Ba2 {[%clk 00:01:10]} {[%emt 00:00:16]} Qf5 {[%clk
00:01:17]} {[%emt 00:00:02]} 24. Re3 {[%clk 00:00:53]} {[%emt 00:00:19]} Nd7
{[%clk 00:01:08]} {[%emt 00:00:12]} 25. Bd4 {[%clk 00:00:46]} {[%emt 00:00:09]}
Rae8 {[%clk 00:01:02]} {[%emt 00:00:08]} 26. Rde1 {[%clk 00:00:37]} {[%emt
00:00:12]} Rxe3 {[%clk 00:01:01]} {[%emt 00:00:02]} 27. Rxe3 {[%clk 00:00:38]}
Nf6 {[%clk 00:00:57]} {[%emt 00:00:06]} 28. Qh3 {[%clk 00:00:30]} {[%emt
00:00:10]} Ng4 {[%clk 00:00:52]} {[%emt 00:00:07]} 29. Re2 {[%clk 00:00:18]}
{[%emt 00:00:14]} Bb5 {[%clk 00:00:36]} {[%emt 00:00:17]} 30. Re7 {[%clk
00:00:10]} {[%emt 00:00:10]} Qxc2 {[%clk 00:00:31]} {[%emt 00:00:07]} 31. g3
{[%emt 00:00:14]} Qd1+ {[%emt 00:00:05]} 32. Kg2 {[%emt 00:00:03]} Bc6+ 0-1

[Event "Turniej Blitza na II Lidze Juniorów 2018"]
[Site "Szczyrk, Poland"]
[Date "????.??.??"]
[Round "6.9"]
[White "Marczak, Szymon"]
[Black "Kaliszuk, Kamil"]
[Result "1-0"]
[TimeControl "3'+2\""]
[WhiteElo "1855"]
[BlackElo "1590"]

1. e4 {[%clk 00:03:03]} c5 {[%clk 00:03:04]} 2. Nf3 {[%clk 00:03:05]} e6 {[%clk
00:03:05]} 3. d4 {[%clk 00:03:06]} cxd4 {[%clk 00:03:06]} {[%emt 00:00:01]} 4.
Nxd4 {[%clk 00:03:07]} a6 {[%clk 00:03:07]} 5. Nc3 {[%clk 00:03:08]} Qc7 {[%clk
00:03:09]} 6. Qd3 {[%clk 00:03:09]} Nf6 {[%clk 00:03:07]} {[%emt 00:00:04]} 7.
Qg3 {[%clk 00:03:10]} {[%emt 00:00:02]} Qxg3 8. hxg3 {[%clk 00:03:10]} Bc5
{[%clk 00:03:07]} {[%emt 00:00:02]} 9. Be3 {[%clk 00:03:07]} {[%emt 00:00:05]}
Nc6 {[%clk 00:02:50]} {[%emt 00:00:20]} 10. O-O-O {[%clk 00:03:01]} {[%emt
00:00:07]} Nxd4 {[%clk 00:02:50]} {[%emt 00:00:02]} 11. Bxd4 {[%clk 00:03:01]}
{[%emt 00:00:02]} Bxd4 {[%clk 00:02:51]} 12. Rxd4 {[%clk 00:03:02]} {[%emt
00:00:01]} b5 {[%clk 00:02:50]} {[%emt 00:00:03]} 13. e5 {[%clk 00:03:00]}
{[%emt 00:00:04]} Ng8 {[%clk 00:02:47]} {[%emt 00:00:06]} 14. a4 {[%clk
00:02:52]} {[%emt 00:00:09]} bxa4 {[%clk 00:02:36]} {[%emt 00:00:13]} 15. Rxa4
{[%clk 00:02:52]} {[%emt 00:00:02]} Bb7 {[%clk 00:02:37]} 16. f3 {[%clk
00:02:52]} {[%emt 00:00:02]} Ne7 {[%clk 00:02:37]} {[%emt 00:00:02]} 17. Bd3
{[%clk 00:02:49]} {[%emt 00:00:05]} h6 {[%clk 00:02:32]} {[%emt 00:00:08]} 18.
Kd2 {[%clk 00:02:50]} {[%emt 00:00:01]} Nc6 {[%clk 00:02:30]} {[%emt 00:00:03]}
19. f4 {[%clk 00:02:31]} {[%emt 00:00:21]} Ne7 {[%clk 00:02:26]} {[%emt
00:00:06]} 20. Ne4 {[%clk 00:02:30]} {[%emt 00:00:03]} Bxe4 21. Bxe4 {[%clk
00:02:31]} Rb8 {[%clk 00:02:24]} 22. b3 {[%clk 00:02:30]} {[%emt 00:00:02]} Rb6
{[%clk 00:02:25]} {[%emt 00:00:02]} 23. Rha1 {[%clk 00:02:30]} {[%emt
00:00:02]} d5 {[%clk 00:02:20]} {[%emt 00:00:07]} 24. Bd3 {[%clk 00:02:28]}
{[%emt 00:00:03]} g5 {[%clk 00:02:01]} {[%emt 00:00:21]} 25. Rxa6 {[%clk
00:02:25]} {[%emt 00:00:06]} Rxa6 26. Rxa6 {[%clk 00:02:26]} O-O {[%clk
00:01:44]} {[%emt 00:00:16]} 27. b4 {[%clk 00:02:18]} {[%emt 00:00:10]} Kg7
{[%clk 00:01:40]} {[%emt 00:00:05]} 28. b5 {[%clk 00:02:15]} {[%emt 00:00:05]}
gxf4 {[%clk 00:01:39]} {[%emt 00:00:03]} 29. gxf4 {[%clk 00:02:16]} Ng6 {[%clk
00:01:40]} {[%emt 00:00:01]} 30. g3 {[%clk 00:02:15]} {[%emt 00:00:03]} h5
{[%clk 00:01:41]} 31. Ke3 {[%clk 00:02:11]} {[%emt 00:00:05]} h4 {[%clk
00:01:42]} {[%emt 00:00:01]} 32. Bxg6 {[%clk 00:02:10]} {[%emt 00:00:04]} Kxg6
{[%clk 00:01:41]} {[%emt 00:00:03]} 33. gxh4 {[%clk 00:02:08]} {[%emt
00:00:04]} Rh8 {[%clk 00:01:42]} 34. b6 {[%clk 00:02:07]} {[%emt 00:00:03]}
Rxh4 {[%clk 00:01:43]} {[%emt 00:00:01]} 35. b7 {[%clk 00:02:06]} {[%emt
00:00:03]} d4+ {[%clk 00:01:33]} {[%emt 00:00:12]} 36. Ke4 {[%clk 00:02:03]}
{[%emt 00:00:05]} 1-0

[Event "Turniej Blitza na II Lidze Juniorów 2018"]
[Site "Szczyrk, Poland"]
[Date "????.??.??"]
[Round "6.47"]
[White "Wieckowski, Michal"]
[Black "Kupczak, Antoni"]
[Result "1-0"]
[TimeControl "3'+2\""]
[WhiteElo "1228"]
[BlackElo "1566"]

1. e4 {[%clk 00:03:03]} e6 {[%clk 00:03:03]} {[%emt 00:00:02]} 2. d4 {[%clk
00:03:04]} {[%emt 00:00:01]} d5 {[%clk 00:03:04]} 3. e5 {[%clk 00:03:06]}
{[%emt 00:00:01]} c5 {[%clk 00:03:05]} 4. c3 {[%clk 00:03:07]} {[%emt
00:00:02]} Nc6 {[%clk 00:03:06]} {[%emt 00:00:01]} 5. Nf3 {[%clk 00:03:08]} Qb6
{[%clk 00:03:07]} {[%emt 00:00:01]} 6. Be3 {[%clk 00:02:51]} {[%emt 00:00:17]}
Qxb2 {[%clk 00:02:50]} {[%emt 00:00:19]} 7. Nbd2 {[%clk 00:02:49]} {[%emt
00:00:05]} Qxc3 {[%clk 00:02:27]} {[%emt 00:00:25]} 8. Rc1 {[%clk 00:02:48]}
{[%emt 00:00:03]} Qa5 {[%clk 00:02:21]} {[%emt 00:00:08]} 9. dxc5 {[%clk
00:02:40]} {[%emt 00:00:10]} Nge7 {[%clk 00:02:03]} {[%emt 00:00:19]} 10. Bd3
{[%clk 00:02:39]} {[%emt 00:00:03]} Nb4 {[%clk 00:01:46]} {[%emt 00:00:20]} 11.
Bc2 {[%clk 00:02:22]} {[%emt 00:00:19]} Nxa2 {[%clk 00:01:01]} {[%emt
00:00:47]} 12. Ra1 {[%clk 00:02:09]} {[%emt 00:00:14]} Nc6 {[%clk 00:00:34]}
{[%emt 00:00:30]} 13. O-O {[%clk 00:02:02]} {[%emt 00:00:08]} Bxc5 {[%clk
00:00:25]} {[%emt 00:00:12]} 14. Nb3 {[%clk 00:01:55]} {[%emt 00:00:09]} Nc3
{[%clk 00:00:20]} {[%emt 00:00:08]} 15. Rxa5 {[%clk 00:01:49]} {[%emt
00:00:08]} Nxd1 {[%clk 00:00:19]} {[%emt 00:00:02]} 16. Rxc5 {[%clk 00:01:47]}
{[%emt 00:00:04]} Nxe3 17. fxe3 O-O {[%clk 00:00:19]} {[%emt 00:00:01]} 18. Ng5
{[%clk 00:01:46]} {[%emt 00:00:03]} h6 {[%clk 00:00:19]} {[%emt 00:00:02]} 19.
Nf3 {[%clk 00:01:47]} {[%emt 00:00:01]} Bd7 {[%emt 00:00:06]} 20. Rc1 {[%clk
00:01:47]} {[%emt 00:00:01]} a5 {[%clk 00:00:17]} {[%emt 00:00:01]} 21. Nbd2
{[%clk 00:01:43]} {[%emt 00:00:06]} a4 {[%clk 00:00:18]} {[%emt 00:00:02]} 22.
Ra1 {[%clk 00:01:39]} {[%emt 00:00:05]} a3 {[%clk 00:00:17]} {[%emt 00:00:03]}
23. Nd4 {[%clk 00:01:31]} {[%emt 00:00:10]} Nb4 {[%clk 00:00:17]} {[%emt
00:00:02]} 24. N2b3 {[%clk 00:01:26]} {[%emt 00:00:07]} a2 {[%clk 00:00:04]}
{[%emt 00:00:16]} 25. Ra5 {[%clk 00:01:20]} {[%emt 00:00:08]} Rxa5 {[%clk
00:00:03]} {[%emt 00:00:02]} 26. Nxa5 {[%clk 00:01:21]} Ra8 {[%clk 00:00:05]}
27. Nxb7 {[%emt 00:00:39]} Rb8 {[%emt 00:00:15]} 28. Nc5 {[%emt 00:00:03]} Nxc2
{[%emt 00:00:02]} 29. Nxc2 {[%emt 00:00:01]} Rb1+ {[%emt 00:00:02]} 30. Kf2
{[%emt 00:00:03]} Rb2 {[%emt 00:00:19]} 31. Nxd7 {[%emt 00:00:03]} Rxc2+ {[%emt
00:00:02]} 32. Kf3 g5 {[%emt 00:00:03]} 33. Nf6+ {[%emt 00:00:06]} Kg7 34. h3
{[%emt 00:00:01]} Kg6 {[%emt 00:00:01]} 35. Nd7 {[%emt 00:00:02]} Kf5 {[%emt
00:00:06]} 36. g4+ {[%emt 00:00:02]} Kg6 {[%emt 00:00:04]} 37. Nb8 {[%emt
00:00:03]} h5 {[%emt 00:00:06]} 38. Na6 {[%emt 00:00:04]} f6 {[%emt 00:00:09]}
39. exf6 Kxf6 40. Nb4 Rh2 {[%emt 00:00:03]} 41. Rxa2 {[%emt 00:00:06]} Rxh3+
{[%emt 00:00:01]} 42. Kf2 {[%emt 00:00:01]} hxg4 {[%emt 00:00:06]} 43. Nd3
{[%emt 00:00:01]} g3+ {[%emt 00:00:02]} 44. Kg2 {[%emt 00:00:01]} Rh2+ 1-0

[Event "Turniej Blitza na II Lidze Juniorów 2018"]
[Site "Szczyrk, Poland"]
[Date "????.??.??"]
[Round "6.26"]
[White "Trybowska, Barbara"]
[Black "Chodorowski, Adrian"]
[Result "1-0"]
[TimeControl "3'+2\""]
[WhiteElo "1705"]
[BlackElo "1401"]

1. f4 {[%clk 00:03:03]} d5 {[%clk 00:02:50]} {[%emt 00:00:15]} 2. Nf3 {[%clk
00:03:04]} {[%emt 00:00:01]} Nf6 3. g3 g6 {[%clk 00:02:49]} {[%emt 00:00:04]} 4.
Bg2 {[%clk 00:03:07]} Bg7 {[%clk 00:02:51]} 5. O-O {[%clk 00:03:07]} {[%emt
00:00:02]} O-O {[%clk 00:02:52]} 6. d3 {[%clk 00:03:08]} {[%emt 00:00:01]} c5
{[%clk 00:02:38]} {[%emt 00:00:15]} 7. Qe1 {[%clk 00:03:09]} {[%emt 00:00:01]}
Nc6 {[%clk 00:02:38]} {[%emt 00:00:03]} 8. c3 {[%clk 00:03:10]} {[%emt
00:00:01]} d4 {[%clk 00:02:35]} {[%emt 00:00:04]} 9. Bd2 {[%clk 00:03:10]}
{[%emt 00:00:01]} Nd5 {[%clk 00:02:22]} {[%emt 00:00:16]} 10. Kh1 {[%clk
00:02:51]} {[%emt 00:00:21]} Bg4 {[%clk 00:01:53]} {[%emt 00:00:31]} 11. h3
{[%clk 00:02:34]} {[%emt 00:00:19]} Bc8 {[%clk 00:01:33]} {[%emt 00:00:22]} 12.
e4 {[%clk 00:01:52]} {[%emt 00:00:44]} dxe3 {[%clk 00:01:24]} {[%emt 00:00:11]}
13. Bxe3 {[%clk 00:01:53]} {[%emt 00:00:01]} b6 {[%clk 00:01:00]} {[%emt
00:00:26]} 14. Nbd2 {[%clk 00:01:21]} {[%emt 00:00:33]} Bb7 {[%clk 00:01:00]}
{[%emt 00:00:03]} 15. Ne4 {[%clk 00:01:17]} {[%emt 00:00:04]} Nxe3 {[%clk
00:00:54]} {[%emt 00:00:09]} 16. Qxe3 {[%clk 00:01:18]} {[%emt 00:00:01]} Qd7
{[%clk 00:00:52]} {[%emt 00:00:04]} 17. Rad1 {[%clk 00:01:13]} {[%emt
00:00:07]} Rad8 {[%clk 00:00:50]} {[%emt 00:00:04]} 18. Rf2 {[%clk 00:01:01]}
{[%emt 00:00:15]} Qc7 {[%clk 00:00:37]} {[%emt 00:00:15]} 19. Rfd2 {[%clk
00:00:53]} {[%emt 00:00:09]} Rd7 {[%clk 00:00:36]} {[%emt 00:00:04]} 20. Nf2
{[%clk 00:00:38]} {[%emt 00:00:17]} Rfd8 {[%clk 00:00:34]} {[%emt 00:00:04]} 21.
Kh2 {[%clk 00:00:36]} {[%emt 00:00:05]} e6 {[%clk 00:00:28]} {[%emt 00:00:08]}
22. Ne1 {[%clk 00:00:23]} {[%emt 00:00:16]} Ne7 {[%clk 00:00:21]} {[%emt
00:00:07]} 23. Bxb7 {[%clk 00:00:21]} {[%emt 00:00:04]} Qxb7 {[%clk 00:00:22]}
24. Qf3 {[%clk 00:00:22]} {[%emt 00:00:02]} Qc7 {[%clk 00:00:19]} {[%emt
00:00:06]} 25. Nc2 {[%clk 00:00:19]} {[%emt 00:00:04]} Nd5 {[%clk 00:00:11]}
{[%emt 00:00:10]} 26. Ng4 {[%clk 00:00:11]} {[%emt 00:00:10]} h5 {[%emt
00:00:08]} 27. Nge3 {[%clk 00:00:07]} {[%emt 00:00:05]} Nxe3 {[%clk 00:00:07]}
{[%emt 00:00:02]} 28. Nxe3 {[%clk 00:00:07]} Qb7 {[%clk 00:00:07]} {[%emt
00:00:05]} 29. Qxb7 Rxb7 30. Nf1 {[%clk 00:00:05]} {[%emt 00:00:03]} Rbd7
{[%clk 00:00:10]} {[%emt 00:00:01]} 31. Kg2 {[%clk 00:00:06]} {[%emt 00:00:01]}
b5 {[%clk 00:00:10]} {[%emt 00:00:02]} 32. Ne3 {[%clk 00:00:06]} {[%emt
00:00:03]} a5 {[%clk 00:00:10]} {[%emt 00:00:02]} 33. Kf3 {[%clk 00:00:07]}
{[%emt 00:00:01]} b4 {[%clk 00:00:09]} {[%emt 00:00:03]} 34. c4 {[%clk
00:00:06]} {[%emt 00:00:02]} Bd4 {[%clk 00:00:09]} {[%emt 00:00:02]} 35. Nf1
{[%clk 00:00:06]} {[%emt 00:00:02]} Kg7 {[%clk 00:00:10]} {[%emt 00:00:01]} 36.
b3 {[%clk 00:00:07]} 1-0

[Event "Turniej Blitza na II Lidze Juniorów 2018"]
[Site "Szczyrk, Poland"]
[Date "????.??.??"]
[Round "6.19"]
[White "Niedbala, Bartlomiej"]
[Black "Krzyzosiak, Marta"]
[Result "1/2-1/2"]
[TimeControl "3'+2\""]
[WhiteElo "1961"]
[BlackElo "1461"]

1. g3 {[%clk 00:03:01]} {[%emt 00:00:02]} Nf6 {[%clk 00:03:02]} {[%emt
00:00:02]} 2. Bg2 {[%clk 00:03:02]} {[%emt 00:00:01]} g6 {[%clk 00:03:03]}
{[%emt 00:00:01]} 3. e4 {[%clk 00:03:03]} {[%emt 00:00:01]} d6 {[%clk
00:03:00]} {[%emt 00:00:04]} 4. d4 {[%clk 00:03:05]} Bg7 {[%clk 00:02:58]}
{[%emt 00:00:05]} 5. c3 {[%clk 00:03:01]} {[%emt 00:00:07]} O-O {[%clk
00:02:55]} {[%emt 00:00:04]} 6. Ne2 {[%clk 00:02:59]} {[%emt 00:00:04]} e5
{[%clk 00:02:54]} {[%emt 00:00:03]} 7. O-O {[%clk 00:02:58]} {[%emt 00:00:02]}
Nc6 {[%clk 00:02:55]} {[%emt 00:00:02]} 8. h3 {[%clk 00:02:57]} {[%emt
00:00:02]} Nd7 {[%clk 00:02:46]} {[%emt 00:00:11]} 9. d5 {[%clk 00:02:43]}
{[%emt 00:00:17]} Ne7 {[%clk 00:02:46]} {[%emt 00:00:02]} 10. f4 {[%clk
00:02:40]} {[%emt 00:00:04]} f5 {[%clk 00:02:42]} {[%emt 00:00:06]} 11. Be3
{[%clk 00:02:31]} {[%emt 00:00:11]} b6 {[%clk 00:02:30]} {[%emt 00:00:15]} 12.
Nd2 {[%clk 00:02:29]} {[%emt 00:00:04]} Nc5 {[%clk 00:02:28]} {[%emt 00:00:04]}
13. Bxc5 {[%clk 00:02:19]} {[%emt 00:00:12]} bxc5 {[%clk 00:02:27]} {[%emt
00:00:04]} 14. Kh2 {[%clk 00:01:47]} {[%emt 00:00:32]} Rb8 {[%clk 00:02:26]}
{[%emt 00:00:04]} 15. Qc2 {[%clk 00:01:47]} {[%emt 00:00:02]} Ba6 {[%clk
00:02:25]} {[%emt 00:00:02]} 16. Rf2 {[%clk 00:01:41]} {[%emt 00:00:08]} Bxe2
{[%clk 00:02:16]} {[%emt 00:00:11]} 17. Rxe2 {[%clk 00:01:37]} {[%emt
00:00:07]} exf4 {[%clk 00:02:16]} {[%emt 00:00:02]} 18. gxf4 {[%clk 00:01:31]}
{[%emt 00:00:08]} fxe4 {[%clk 00:02:16]} {[%emt 00:00:02]} 19. Qxe4 {[%clk
00:01:23]} {[%emt 00:00:10]} Nf5 {[%clk 00:02:10]} {[%emt 00:00:08]} 20. Nf3
{[%clk 00:01:05]} {[%emt 00:00:20]} Re8 {[%clk 00:01:41]} {[%emt 00:00:30]} 21.
Qd3 {[%clk 00:01:05]} {[%emt 00:00:03]} Rxe2 22. Qxe2 Qf6 {[%clk 00:01:29]}
{[%emt 00:00:12]} 23. Re1 {[%clk 00:00:58]} {[%emt 00:00:10]} Bh6 {[%clk
00:01:16]} {[%emt 00:00:15]} 24. Qe6+ {[%clk 00:00:17]} {[%emt 00:00:44]} Qxe6
{[%clk 00:01:15]} {[%emt 00:00:03]} 25. dxe6 {[%clk 00:00:18]} {[%emt
00:00:01]} Bxf4+ {[%clk 00:01:15]} {[%emt 00:00:02]} 26. Kh1 {[%clk 00:00:14]}
{[%emt 00:00:03]} Ng3+ {[%clk 00:01:13]} {[%emt 00:00:06]} 27. Kg1 {[%clk
00:00:15]} {[%emt 00:00:02]} Nf5 {[%clk 00:01:10]} {[%emt 00:00:05]} 28. b3
{[%clk 00:00:13]} {[%emt 00:00:04]} Re8 {[%clk 00:01:10]} {[%emt 00:00:02]} 29.
Re4 {[%clk 00:00:13]} {[%emt 00:00:02]} Be3+ {[%clk 00:01:08]} {[%emt
00:00:03]} 30. Kh2 {[%clk 00:00:12]} {[%emt 00:00:03]} Bf2 {[%clk 00:01:06]}
{[%emt 00:00:04]} 31. Nd2 {[%clk 00:00:10]} {[%emt 00:00:05]} Bg3+ {[%clk
00:01:04]} {[%emt 00:00:04]} 32. Kg1 {[%clk 00:00:10]} {[%emt 00:00:01]} Be5
{[%clk 00:01:03]} {[%emt 00:00:03]} 33. Re2 {[%clk 00:00:07]} {[%emt 00:00:06]}
Kg7 {[%clk 00:01:00]} {[%emt 00:00:05]} 34. Bc6 {[%clk 00:00:08]} {[%emt
00:00:01]} Rxe6 {[%clk 00:01:00]} {[%emt 00:00:03]} 35. Kf2 {[%clk 00:00:03]}
{[%emt 00:00:07]} Re7 {[%clk 00:00:57]} {[%emt 00:00:04]} 36. Nc4 {[%clk
00:00:04]} {[%emt 00:00:01]} Bg3+ {[%clk 00:00:56]} {[%emt 00:00:03]} 37. Kf3
{[%clk 00:00:04]} {[%emt 00:00:02]} Rxe2 {[%clk 00:00:48]} {[%emt 00:00:10]} 38.
Kxe2 {[%clk 00:00:06]} Ne7 {[%clk 00:00:39]} {[%emt 00:00:11]} 39. Bb7 {[%clk
00:00:06]} {[%emt 00:00:02]} d5 {[%clk 00:00:37]} {[%emt 00:00:04]} 40. Na5
{[%clk 00:00:07]} d4 {[%emt 00:00:02]} 41. cxd4 cxd4 {[%emt 00:00:02]} 42. a4
c5 {[%clk 00:00:35]} {[%emt 00:00:05]} 43. Nc4 {[%clk 00:00:11]} {[%emt
00:00:01]} Nf5 {[%clk 00:00:31]} {[%emt 00:00:05]} 44. a5 {[%clk 00:00:13]} Nd6
{[%clk 00:00:28]} {[%emt 00:00:05]} 45. a6 {[%clk 00:00:04]} {[%emt 00:00:11]}
Nb5 {[%clk 00:00:27]} {[%emt 00:00:03]} 46. Kd3 {[%clk 00:00:05]} {[%emt
00:00:01]} Nc7 {[%clk 00:00:23]} {[%emt 00:00:06]} 47. Nd2 {[%clk 00:00:06]}
{[%emt 00:00:01]} Bf4 {[%clk 00:00:19]} {[%emt 00:00:06]} 48. Ne4 {[%clk
00:00:07]} Be5 {[%emt 00:00:04]} 49. Nxc5 Bf6 {[%clk 00:00:18]} {[%emt
00:00:02]} 50. Nd7 {[%clk 00:00:10]} {[%emt 00:00:01]} Be7 {[%clk 00:00:17]}
{[%emt 00:00:02]} 51. Kc4 {[%clk 00:00:11]} {[%emt 00:00:02]} Bd6 {[%clk
00:00:13]} {[%emt 00:00:06]} 52. b4 {[%clk 00:00:12]} {[%emt 00:00:01]} Bf4
{[%clk 00:00:12]} {[%emt 00:00:03]} 53. b5 {[%clk 00:00:14]} {[%emt 00:00:01]}
d3 {[%clk 00:00:10]} {[%emt 00:00:04]} 54. b6 {[%clk 00:00:13]} {[%emt
00:00:02]} axb6 {[%clk 00:00:07]} {[%emt 00:00:05]} 55. Kxd3 {[%clk 00:00:14]}
{[%emt 00:00:01]} Nxa6 {[%clk 00:00:06]} {[%emt 00:00:04]} 56. Bxa6 {[%clk
00:00:15]} Bc7 {[%clk 00:00:06]} {[%emt 00:00:03]} 57. Ke4 {[%clk 00:00:16]}
{[%emt 00:00:01]} h6 {[%clk 00:00:05]} {[%emt 00:00:02]} 58. Kd5 {[%clk
00:00:17]} {[%emt 00:00:01]} Bd8 {[%clk 00:00:05]} {[%emt 00:00:02]} 59. Ke6
{[%clk 00:00:18]} g5 {[%clk 00:00:05]} {[%emt 00:00:03]} 60. Be2 {[%clk
00:00:20]} Bc7 {[%clk 00:00:04]} {[%emt 00:00:03]} 61. Bh5 {[%clk 00:00:20]}
{[%emt 00:00:01]} b5 {[%clk 00:00:04]} {[%emt 00:00:03]} 62. Kd5 {[%clk
00:00:20]} {[%emt 00:00:02]} b4 {[%clk 00:00:04]} {[%emt 00:00:02]} 63. Kc4
{[%clk 00:00:21]} {[%emt 00:00:01]} Bd6 {[%clk 00:00:05]} {[%emt 00:00:01]} 64.
Nb6 {[%clk 00:00:22]} Be7 {[%clk 00:00:06]} {[%emt 00:00:01]} 65. Nd5 {[%clk
00:00:24]} Bd6 {[%clk 00:00:06]} {[%emt 00:00:03]} 66. Nxb4 {[%clk 00:00:24]}
{[%emt 00:00:01]} Bxb4 {[%clk 00:00:06]} {[%emt 00:00:02]} 67. Kxb4 {[%clk
00:00:25]} {[%emt 00:00:01]} Kf6 {[%clk 00:00:06]} {[%emt 00:00:01]} 68. Kc5
{[%clk 00:00:23]} {[%emt 00:00:05]} Ke5 {[%clk 00:00:07]} 69. Bg4 {[%clk
00:00:17]} {[%emt 00:00:08]} Kf4 {[%clk 00:00:07]} {[%emt 00:00:01]} 70. Kd4
{[%clk 00:00:19]} Kg3 {[%clk 00:00:08]} {[%emt 00:00:02]} 71. Ke3 {[%clk
00:00:17]} {[%emt 00:00:04]} h5 {[%clk 00:00:09]} {[%emt 00:00:01]} 72. Bf5
{[%clk 00:00:19]} g4 {[%clk 00:00:09]} {[%emt 00:00:01]} 1/2-1/2

[Event "Turniej Blitza na II Lidze Juniorów 2018"]
[Site "Szczyrk, Poland"]
[Date "????.??.??"]
[Round "6.55"]
[White "Mysliwiec, Natalia"]
[Black "Uliasz, Katarzyna"]
[Result "0-1"]
[TimeControl "3'+2\""]
[WhiteElo "1316"]
[BlackElo "1124"]

1. d4 d5 {[%emt 00:00:02]} 2. Bf4 {[%emt 00:00:01]} Bf5 {[%emt 00:00:02]} 3.
Nf3 {[%clk 00:03:06]} e6 {[%clk 00:03:02]} {[%emt 00:00:03]} 4. e3 {[%clk
00:03:06]} c5 {[%emt 00:00:01]} 5. c3 {[%emt 00:00:01]} Nc6 {[%clk 00:03:05]}
{[%emt 00:00:01]} 6. Nbd2 {[%clk 00:03:08]} {[%emt 00:00:01]} Qb6 {[%clk
00:03:06]} 7. b3 {[%clk 00:03:05]} {[%emt 00:00:06]} Nf6 {[%clk 00:02:59]}
{[%emt 00:00:08]} 8. Be2 {[%clk 00:03:06]} {[%emt 00:00:01]} cxd4 {[%clk
00:02:53]} {[%emt 00:00:09]} 9. cxd4 {[%clk 00:03:04]} {[%emt 00:00:04]} Be7
{[%emt 00:00:10]} 10. O-O {[%emt 00:00:03]} O-O {[%clk 00:02:44]} 11. Rc1
{[%clk 00:03:03]} {[%emt 00:00:03]} Rac8 {[%clk 00:02:44]} {[%emt 00:00:01]} 12.
Nh4 {[%clk 00:02:54]} {[%emt 00:00:12]} Bg6 {[%emt 00:00:07]} 13. Nxg6 {[%emt
00:00:02]} hxg6 {[%clk 00:02:39]} {[%emt 00:00:01]} 14. Nf3 {[%clk 00:02:54]}
{[%emt 00:00:03]} Nb4 {[%clk 00:02:30]} {[%emt 00:00:11]} 15. Rxc8 {[%clk
00:02:43]} {[%emt 00:00:13]} Rxc8 {[%clk 00:02:29]} {[%emt 00:00:03]} 16. a3
{[%clk 00:02:42]} {[%emt 00:00:04]} Nc2 {[%clk 00:02:26]} {[%emt 00:00:05]} 17.
b4 Nxa3 {[%emt 00:00:04]} 18. Qb3 {[%clk 00:02:38]} {[%emt 00:00:06]} Qxb4
{[%clk 00:02:20]} {[%emt 00:00:07]} 19. Rb1 {[%clk 00:02:23]} {[%emt 00:00:16]}
Nxb1 {[%clk 00:02:19]} {[%emt 00:00:04]} 20. Qxb4 {[%clk 00:02:24]} {[%emt
00:00:01]} Bxb4 {[%clk 00:02:16]} {[%emt 00:00:05]} 21. h3 {[%clk 00:02:25]} a5
{[%clk 00:02:08]} {[%emt 00:00:11]} 22. Bb5 {[%clk 00:02:25]} {[%emt 00:00:01]}
Nc3 {[%clk 00:02:07]} {[%emt 00:00:03]} 23. Bd3 {[%clk 00:02:24]} {[%emt
00:00:03]} b5 {[%clk 00:02:06]} {[%emt 00:00:03]} 24. Kh2 {[%clk 00:02:24]}
{[%emt 00:00:02]} a4 {[%emt 00:00:05]} 25. Ne1 {[%emt 00:00:02]} Nce4 {[%clk
00:01:57]} {[%emt 00:00:07]} 26. Nc2 {[%clk 00:02:21]} {[%emt 00:00:06]} Ba5
{[%emt 00:00:10]} 27. f3 {[%emt 00:00:03]} Nc3 {[%clk 00:01:45]} {[%emt
00:00:05]} 28. Na3 {[%clk 00:02:13]} {[%emt 00:00:10]} b4 {[%clk 00:01:44]}
{[%emt 00:00:03]} 29. Nc2 {[%emt 00:00:03]} b3 {[%emt 00:00:04]} 30. Na3 {[%clk
00:02:13]} Bb4 {[%emt 00:00:02]} 31. Nb5 {[%emt 00:00:01]} b2 {[%emt 00:00:05]}
32. Nxc3 {[%emt 00:00:02]} Rxc3 {[%emt 00:00:04]} 33. Bb1 a3 {[%clk 00:01:38]}
{[%emt 00:00:01]} 34. Ba2 {[%clk 00:02:16]} {[%emt 00:00:01]} Rc1 {[%clk
00:01:37]} {[%emt 00:00:03]} 0-1